|
|
|
|
| LEADER |
00000nam0a2200000 4500 |
| 001 |
82850 |
| 005 |
20231031095906.0 |
| 035 |
|
|
|a (RuTPU)RU\TPU\book\89043
|
| 090 |
|
|
|a 82850
|
| 100 |
|
|
|a 20051007d1968 m y0rusy50 ca
|
| 101 |
0 |
|
|a rus
|
| 102 |
|
|
|a RU
|
| 105 |
|
|
|a a j 001zy
|
| 200 |
1 |
|
|a Основы автоматизации производства
|e учебник для техникумов
|f Г. И. Нудлер, И. К. Тульчин
|
| 210 |
|
|
|a Москва
|c Высшая школа
|d 1968
|
| 215 |
|
|
|a 208 с.
|c ил.
|
| 320 |
|
|
|a Библиогр.: с. 206.
|
| 610 |
1 |
|
|a автоматизированное производство
|
| 610 |
1 |
|
|a автоматизация
|
| 610 |
1 |
|
|a коммунальные службы
|
| 610 |
1 |
|
|a электромеханические приборы
|
| 610 |
1 |
|
|a измерительные приборы
|
| 610 |
1 |
|
|a датчики
|
| 610 |
1 |
|
|a учебники
|
| 675 |
|
|
|a 628.0025(075.32)
|v 3
|
| 700 |
|
1 |
|a Нудлер
|b Г. И.
|g Григорий Исаакович
|
| 701 |
|
1 |
|a Тульчин
|b И. К.
|g Иосиф Константинович
|
| 801 |
|
1 |
|a RU
|b 63413507
|c 20051007
|g PSBO
|
| 801 |
|
2 |
|a RU
|b 63413507
|c 20221017
|g PSBO
|
| 900 |
|
|
|a Автоматизация технологических процессов и производств
|
| 942 |
|
|
|c BK
|
| 951 |
|
|
|b 220300
|